Introduction to Engineering Materials (Record no. 389)

MARC details
000 -LEADER
fixed length control field 00568nam a22002057a 4500
003 - CONTROL NUMBER IDENTIFIER
control field OSt
005 - DATE AND TIME OF LATEST TRANSACTION
control field 20230206154701.0
008 - FIXED-LENGTH DATA ELEMENTS--GENERAL INFORMATION
fixed length control field 140910b xxu||||| |||| 00| 0 eng d
020 ## - INTERNATIONAL STANDARD BOOK NUMBER
International Standard Book Number ‎ 978-0333949177
040 ## - CATALOGING SOURCE
Transcribing agency DDC
082 ## - DEWEY DECIMAL CLASSIFICATION NUMBER
Classification number 620.11 JOH 2003
100 ## - MAIN ENTRY--PERSONAL NAME
Personal name Vernon, John
9 (RLIN) 1019
245 ## - TITLE STATEMENT
Title Introduction to Engineering Materials
250 ## - EDITION STATEMENT
Edition statement 4th ed.
260 ## - PUBLICATION, DISTRIBUTION, ETC. (IMPRINT)
Place of publication, distribution, etc. New York;
Name of publisher, distributor, etc. Palgrave Macmillan,
Date of publication, distribution, etc. 2003.
300 ## - PHYSICAL DESCRIPTION
Extent xvi, 640 p. :
Other physical details ill;
Dimensions 28 cm
504 ## - BIBLIOGRAPHY, ETC. NOTE
Bibliography, etc Includes bibliographical references and Index
650 ## - SUBJECT ADDED ENTRY--TOPICAL TERM
Topical term or geographic name as entry element Engineering
9 (RLIN) 373
942 ## - ADDED ENTRY ELEMENTS (KOHA)
Source of classification or shelving scheme Other/Generic Classification Scheme
Koha item type Book Bank
Holdings
Withdrawn status Lost status Source of classification or shelving scheme Damaged status Not for loan Home library Current library Date acquired Source of acquisition Inventory number Total Checkouts Full call number Barcode Date last seen Koha item type Price effective from
    Dewey Decimal Classification     MUST Main Library MUST Main Library 10/09/2014 Purchase 09/31359   620.11 JOH 2003 2014-2582 10/09/2014 Short Loan  
    Dewey Decimal Classification     MUST Main Library MUST Main Library 25/03/2015 Purchase 03/19227   620.11 JOH 2003 2015-0613 25/03/2015 Open Shelf  
    Dewey Decimal Classification     MUST Main Library MUST Main Library 25/03/2015 Purchase 03/19228   620.11 JOH 2003 2015-0614 25/03/2015 Open Shelf  
    Other/Generic Classification Scheme     Main Kihumuro Campus Main Kihumuro Campus 05/06/2024 Purchase     620.11 JOH 2003 2024-20217 05/06/2024 Book 05/06/2024